| 000 | 00406cam a22001097a 4500 | ||
|---|---|---|---|
| 008 | 180718b2001 xxu||||| |||| 00| 0 eng d | ||
| 100 | _aEasterly, William | ||
| 245 |
_aGrowth implosions, debt explosions, and my aunt Marilyn: do growth slowdowns cause public debt crises? _cby William Easterly |
||
| 260 |
_aWashington, D.C. _bWorld Bank _c2001 |
||
| 300 | _a35p. | ||
| 440 | _aPolicy research working paper 2531 | ||
| 999 |
_c285015 _d285015 |
||